[Event "11th Capo dOrso ACP Open 2019"]
[Site "Porto Mannu"]
[Date "2019.06.01"]
[Round "6.3"]
[White "Schneider, Stefan"]
[Black "Christiansen, Johan-Sebastian"]
[Result "1-0"]
[WhiteElo "2372"]
[BlackElo "2561"]
[Annotator "TA"]
[PlyCount "83"]
[EventDate "2019.06.02"]
[EventType "swiss"]
[EventCountry "ITA"]
[SourceTitle "playchess.com"]
[Source "ChessBase"]
[SourceQuality "1"]

{[%evp 10,83,18,18,18,14,19,8,23,0,23,8,28,1,22,0,0,-4,44,22,72,85,193,175,173,189,190,177,268,266,240,275,306,202,245,197,309,204,355,352,360,331,357,341,366,311,327,185,457,296,272,264,263,167,167,179,317,306,433,438,548,542,637,637,649,633,803,750,1281,1224,1825,1506,29984,29985,29994,518]} 1. d4 Nf6 2. Nf3 g6 3. Bg5 Bg7 4. Nbd2 h6 5. Bh4 d6 6. c3 O-O {A48: 1 d4 Nf6 2 Nf3 g6: Torre, London and Colle Systems} 7. e3 Qe8 (7... c5 8. dxc5 dxc5 9. Qc2 Nc6 10. Bc4 Na5 11. Be2 Be6 12. O-O Qb6 13. e4 Rfd8 14. Rfe1 g5 {1-0 (63) Kramnik,V (2779)-Howell,D (2689) Batumi 2018}) 8. Be2 e5 {The position is equal.} 9. O-O Nbd7 (9... e4 $5 10. Ne1 $8 g5 $11) 10. h3 b6 $146 ({Predecessor:} 10... Nb6 11. Qc2 Bd7 12. Rfe1 g5 13. Bg3 e4 14. Nh2 h5 15. h4 g4 16. c4 {0-1 (44) Oms Pallisse,J (2437)-Campos Jimenez,A (2337) Varadero 2016}) 11. a4 a6 12. Qc2 Bb7 13. Rfe1 Nh7 14. a5 g5 {[#]} 15. Bg3 $1 f5 (15... e4 $16) 16. axb6 $18 cxb6 17. Nc4 $36 {[%mdl 2048] White is on the roll.} Qe6 18. dxe5 Bxf3 (18... dxe5 $142 19. Red1 b5) 19. Bxf3 (19. gxf3 d5 $11) 19... Qxc4 20. Red1 (20. Bxa8 $6 Rxa8 21. Qxf5 (21. exd6 Qe6 $14) 21... Nxe5 $16) 20... Kh8 21. Bd5 ({And not} 21. exd6 Rad8 $11) ({Not} 21. Rxd6 Ra7 $14) 21... Qb5 22. e6 (22. exd6 Rad8 $11) 22... Ndf6 (22... Ra7 $142) 23. c4 Qe8 $2 (23... Rac8 {was worth a try.}) 24. Bxa8 ({Weaker is} 24. Bxd6 Ra7 $18) 24... Qxa8 25. Bxd6 Re8 26. Qxf5 Qc8 27. b3 a5 28. Ra2 (28. c5 $142 bxc5 29. Rxa5) 28... Rxe6 $2 (28... Qxe6 29. Qxe6 Rxe6) 29. Bc7 Nf8 {[#]} 30. Bxb6 $1 {[%mdl 576] Hoping for Rd8. Pin} Qb7 (30... Rxb6 31. Qxc8) 31. Bxa5 {aiming for Rd8.} Qxb3 32. Qc2 Qb7 (32... Qxc2 {keeps fighting.} 33. Rxc2 Kg8) 33. Bc3 Qc7 (33... Qe4 {might work better.} 34. Qb3 Re7) 34. Bd4 g4 35. Ra7 Qc8 36. hxg4 Rc6 37. Qf5 Qd8 38. c5 Ne6 39. Rda1 Nxd4 40. exd4 {And now Ra8! would win.} Qxd4 41. Ra8+ Ng8 {[#]} 42. Rxg8+ $1 {[%mdl 576] Clearance. Accuracy: White = 65%, Black = 19%.} 1-0

[Event "11th Capo dOrso ACP Open 2019"]
[Site "Porto Mannu"]
[Date "2019.06.01"]
[Round "6.4"]
[White "Marin, Mihail"]
[Black "Zimina, Olga"]
[Result "1-0"]
[WhiteElo "2531"]
[BlackElo "2370"]
[Annotator "TA"]
[PlyCount "137"]
[EventDate "2019.06.02"]
[EventType "swiss"]
[EventCountry "ITA"]
[SourceTitle "playchess.com"]
[Source "ChessBase"]
[SourceQuality "1"]

{[%evp 9,137,-24,-25,-29,-27,-23,-28,-31,-26,-33,-19,-29,0,-6,0,-17,0,0,0,0,0,0,22,21,21,9,20,11,25,20,42,50,77,86,97,87,80,80,79,85,97,91,87,96,102,93,93,105,95,95,79,69,68,62,68,68,60,39,50,44,59,33,39,0,56,49,47,20,22,8,37,26,47,47,100,106,91,92,142,136,155,123,127,125,108,0,0,0,0,0,0,0,0,0,0,0,0,0,12,8,12,0,0,0,0,0,0,0,0,0,0,0,10,8,166,150,240,193,439,406,413,409,1008,1008,952,897,770,668,328,308]} 1. f4 d5 2. Nf3 g6 3. g3 Bg7 4. Bg2 Nh6 5. e3 (5. Nc3 c6 6. d3 Qb6 7. e4 dxe4 8. Nxe4 O-O 9. c3 Nf5 10. Qe2 Nd7 11. a4 a5 12. Qf2 Qa6 {0-1 (46) Kamsky,G (2676)-Dreev,A (2652) Bastia 2017}) 5... c5 6. d3 {A03: Bird's Opening with 1...d5} Nc6 7. O-O O-O 8. c3 {Black has an edge.} b6 9. Na3 Bb7 10. e4 $146 ({Predecessor:} 10. Nc2 Qc7 11. d4 Rae8 {0-1 (40) Vargas,O-Minero Pineda,C (2195) Costa Rica 1996}) 10... dxe4 11. dxe4 Ba6 12. Qxd8 Raxd8 13. Re1 e5 14. Bh3 exf4 15. Bxf4 Bc8 16. Bxc8 Rxc8 17. Nc4 Rcd8 18. a4 Ng4 19. e5 Rd3 20. Kg2 f6 21. exf6 Nxf6 22. Nfe5 Nxe5 23. Nxe5 Rd5 {[#] Threatening ...Nh5.} 24. Nc6 $1 {[%cal Rc6e7] Hoping for Ne7+.} Rd7 25. Rad1 Rxd1 26. Rxd1 Kf7 27. a5 Re8 28. Kf3 bxa5 29. Nxa5 Re6 30. Nc4 Bf8 31. g4 Ke8 32. h3 Be7 33. Ra1 a6 34. Rd1 Nd7 35. Bc7 Rc6 36. Bf4 Re6 37. Rd3 Nb6 38. Nxb6 Rxb6 $14 {[%mdl 4096] Endgame KRB-KRB} 39. Rd2 Kf7 40. Ke4 Ke6 41. Re2 h5 {[#]} (41... Kd7 $14) 42. Kd3+ $1 $16 Kd7 43. Kc4 hxg4 44. hxg4 Rc6 45. Kd5 {Strongly threatening Rxe7+!} Rb6 46. Rh2 Rf6 47. Be5 ({White should play} 47. Be3 $16 {Threatens to win with Rh7.} Rd6+ 48. Kc4) 47... Rf1 $1 $11 48. Re2 Rd1+ 49. Kc4 Rg1 50. Re4 Rg2 51. b3 Rg1 52. Bg7 Rd1 53. Bh6 Bd6 54. Bg5 Rg1 55. Bh4 Rg2 56. Be1 Kc6 57. Bh4 Kd7 58. Bf6 Kc6 59. Bg5 Rg1 60. Be3 Re1 61. Kd3 {Black must now prevent Re6.} Kd7 $2 (61... Rd1+ $1 $11 62. Ke2 Kd5) 62. Ra4 $18 Rb1 (62... Rd1+ $16 63. Kc4 Re1) 63. Rxa6 Rxb3 $2 (63... Rh1 64. Kc4 Rh3) 64. Kc4 $1 {[%csl LRb3,LRc5]} Rb1 65. Bxc5 Bxc5 (65... Bf4 $142 66. Rxg6 Be5) 66. Kxc5 g5 67. Rg6 Ra1 68. Kb4 Rb1+ 69. Kc4 {Accuracy: White = 65%, Black = 55%.} 1-0

[Event "11th Capo dOrso ACP Open 2019"]
[Site "Porto Mannu"]
[Date "2019.06.01"]
[Round "6.5"]
[White "Hoogland, Dirk"]
[Black "Movsziszian, Karen"]
[Result "0-1"]
[WhiteElo "2111"]
[BlackElo "2486"]
[Annotator "TA"]
[PlyCount "94"]
[EventDate "2019.06.02"]
[EventType "swiss"]
[EventCountry "ITA"]
[SourceTitle "playchess.com"]
[Source "ChessBase"]
[SourceQuality "1"]

{[%evp 10,93,4,12,12,-1,14,21,25,32,42,-20,-23,-26,-16,-38,-35,-44,-44,-39,-48,-45,-45,-45,-47,-45,-48,-60,-46,-93,-93,-80,-89,-122,-116,-119,-112,-162,-175,-151,-151,-305,-264,-306,-283,-331,-327,-335,-327,-328,-337,-625,-616,-631,-651,-843,-740,-922,-939,-1131,-781,-758,-689,-762,-759,-859,-698,-887,-487,-878,-712,-712,-722,-708,-708,-960,-677,-927,-850,-1283,-1271,-1814,-1763,-29998,-29999,-29999]} 1. c4 d6 2. g3 e5 3. Nc3 f5 4. e3 Nf6 5. Bg2 c6 6. Nge2 Be6 {A21: English Opening: 1...e5 2 Nc3} (6... Be7 7. d4 e4 8. f3 exf3 9. Bxf3 O-O 10. O-O Nbd7 11. Nf4 Nb6 12. Qd3 g5 13. Nh5 Ng4 14. Bxg4 fxg4 {½-½ (66) Kaasen,T (2402)-Hammer,J (2628) Stavanger 2017}) 7. b3 Bf7 8. Bb2 $146 ({Predecessor:} 8. O-O g6 9. d4 e4 10. Bb2 Qe7 11. d5 c5 12. b4 Nbd7 13. Nb5 Kd8 14. Ba3 {0-1 (54) Dahms,M (1173)-Zolnierowicz,K (2019) Poland 2016}) 8... Na6 {The position is equal.} 9. d4 e4 10. a3 (10. d5 $1 $14) 10... g6 11. Rc1 Bg7 12. O-O O-O 13. Qc2 Re8 14. Nb1 Qd7 15. Nd2 Nc7 16. Rfe1 Rac8 17. Qb1 g5 18. a4 Bh5 19. Nc3 d5 20. cxd5 cxd5 21. f4 gxf4 22. gxf4 Kh8 23. Ne2 Rg8 24. Ng3 Bf7 25. h3 $2 (25. Rc2 $17) 25... Bf8 $19 26. Kh2 Bd6 27. Re2 Rg6 28. Ndf1 Rcg8 29. Bc3 h5 {Hoping for ...h4.} 30. Rcc2 $2 (30. Rf2) 30... h4 31. Nh1 Nh5 32. Be1 Qe7 33. Qc1 Ne6 34. Bd2 Be8 35. Qe1 b5 {[%cal Bb7b5,Bb5b4][%mdl 32]} 36. Ra2 Bd7 37. Bc1 b4 38. Kg1 Bc8 39. a5 (39. Rf2 $142 Ba6 40. Qd1) 39... Ba6 40. Rf2 Kh7 41. Qd1 Kh6 42. Qe1 Bd3 43. Rab2 Qg7 44. Ra2 {[#]} Bxf4 $1 {[%mdl 576] Deflection} 45. exf4 Nxd4 46. Kh2 {[#]} Rxg2+ $1 {[%mdl 576] Remove Defender, Deflection} 47. Rxg2 Nf3# {Accuracy: White = 27%, Black = 87%.} 0-1

[Event "11th Capo dOrso ACP Open 2019"]
[Site "Porto Mannu"]
[Date "2019.06.01"]
[Round "6.6"]
[White "Holm, Kristian Stuvik"]
[Black "Ushenina, Anna"]
[Result "1/2-1/2"]
[WhiteElo "2474"]
[BlackElo "2443"]
[Annotator "TA"]
[PlyCount "44"]
[EventDate "2019.06.02"]
[EventType "swiss"]
[EventCountry "ITA"]
[SourceTitle "playchess.com"]
[Source "ChessBase"]
[SourceQuality "1"]

{[%evp 17,44,8,14,14,25,7,6,0,31,-5,35,16,79,0,0,-37,-34,-27,-33,-33,55,-8,-14,-14,-15,-6,26,0,0]} 1. d4 Nf6 2. c4 e6 3. Nf3 d5 4. Nc3 dxc4 5. e4 Bb4 6. Bg5 c5 7. Bxc4 h6 8. Bxf6 Qxf6 9. O-O O-O 10. e5 {D39: Queen's Gambit Declined: Ragozin Defence with 5 Bg5 dxc4} Qd8 $1 11. Ne4 {Threatens to win with a3.} cxd4 12. Qe2 Be7 13. Bd3 $146 {[%mdl 1024] White has compensation.} ({Predecessor:} 13. Rad1 Qc7 14. Bd3 Nd7 15. Rc1 Qa5 16. g4 Nxe5 17. Nxe5 Qxe5 {0-1 (38) Aronian,L (2794)-Caruana,F (2784) Berlin 2018}) 13... Qd5 14. Ng3 Nd7 (14... Rd8 $11) 15. Be4 (15. Rfd1 $16) 15... Qa5 $11 16. a3 Rd8 17. Rfd1 Nf8 ({Don't go for} 17... Nxe5 $2 18. Nxe5 Bf6 19. f4 $18) 18. Nxd4 a6 (18... Qb6 $15 19. Nf3 Bd7) 19. b4 ({White should play} 19. Qe3 $1 $14) 19... Qb6 20. Nb3 Bd7 21. Na5 Bc6 22. Nxc6 bxc6 {Accuracy: White = 35%, Black = 45%.} 1/2-1/2

[Event "11th Capo dOrso ACP Open 2019"]
[Site "Porto Mannu"]
[Date "2019.06.01"]
[Round "6.7"]
[White "Murray, Jim G."]
[Black "Abdumalik, Zhansaya"]
[Result "0-1"]
[WhiteElo "1857"]
[BlackElo "2464"]
[Annotator "TA"]
[PlyCount "88"]
[EventDate "2019.06.02"]
[EventType "swiss"]
[EventCountry "ITA"]
[SourceTitle "playchess.com"]
[Source "ChessBase"]
[SourceQuality "1"]

{[%evp 12,88,45,16,83,64,53,47,59,63,58,35,65,29,31,36,41,31,45,43,49,47,39,42,79,26,30,0,0,0,11,26,62,-246,-281,-276,-282,-310,-247,-286,-270,-331,-339,-375,-371,-512,-385,-386,-381,-414,-376,-390,-372,-373,-371,-368,-370,-368,-368,-384,-372,-382,-364,-387,-380,-550,-540,-530,-524,-1183,-1133,-2064,-2061,-1696,-539,-658,-446,-29991,-29992]} 1. e4 c5 2. Nf3 e6 3. d4 cxd4 4. Nxd4 a6 5. c4 Nf6 6. Nc3 Qc7 7. Bd3 h5 {B41: Sicilian: Kan Variation: 5 c4} (7... Bb4 $11 {keeps the balance.}) (7... Nc6 8. Nxc6 dxc6 9. Be3 e5 10. h3 Bb4 11. Rc1 O-O 12. O-O Bxc3 13. Rxc3 c5 14. Qe2 b6 15. Bc2 Bb7 16. f3 Rad8 17. Rd1 Rxd1+ 18. Qxd1 Rd8 19. Rd3 Rxd3 20. Qxd3 {½-½ (20) Lenic,L (2657)-Indjic,A (2618) Hungary 2018}) 8. Nf3 $146 ({Predecessor:} 8. h3 Bc5 9. Be3 b6 10. Qe2 Bb7 11. a3 d6 12. O-O Nc6 13. Nxc6 Bxc6 14. Bxc5 dxc5 15. e5 {0-1 (28) Opacic,A (2017)-Lajthajm,B (2427) Novi Sad 2017}) 8... Nc6 9. Qe2 Bc5 {White is slightly better.} 10. h3 d6 11. a3 Ne5 12. b4 Nxf3+ $1 13. Qxf3 Bd4 14. Bd2 d5 15. Rc1 {[%cal Re4d5]} dxc4 16. Ne2 $1 {[%csl LRc4,LRd4]} Be5 17. Bxc4 Qd6 18. Bg5 (18. Qe3 $16 {Strongly threatening f4.} b5 19. Bb3) 18... b5 $11 19. Ba2 Bb7 $36 {[%mdl 2048] Black has some pressure.} 20. Bb1 Rd8 21. O-O Bb2 22. Rc2 $2 {[%mdl 8192]} (22. Rce1 $14 {keeps the upper hand.}) 22... Bxe4 $19 {[%mdl 64] [#] Double Attack} 23. Qb3 {aiming for Rd2.} Bxc2 24. Bxc2 Be5 25. Rd1 Qb8 26. Rxd8+ Qxd8 27. Be3 O-O 28. Bc5 Re8 29. Qe3 Qd5 30. Nf4 Bxf4 31. Qxf4 e5 32. Qe3 Qc4 33. Bb3 Qe4 34. Qc1 Qd3 35. Bc2 Qe2 36. Be3 Nd5 37. Bc5 Nf4 38. Qb1 (38. Be3 $142) 38... e4 {...e3! is the strong threat.} 39. Be3 Nd5 40. Bc5 e3 41. fxe3 Nxe3 {[%csl Ge3][%cal Re2g2]} 42. Be4 {[#]} Nc4 (42... Rxe4 $142 $1 43. Qxe4 Qe1+ 44. Kh2 Nf1+ {[%mdl 64] Discovered Attack} 45. Kg1 Qxe4 46. Kxf1 Qd3+ 47. Kg1 Qxa3) 43. Bb7 Nd2 44. Qf5 (44. Qc1 $19) 44... Qe1+ {Accuracy: White = 26%, Black = 65%.} 0-1

[Event "11th Capo dOrso ACP Open 2019"]
[Site "Porto Mannu"]
[Date "2019.06.01"]
[Round "6.8"]
[White "Brunello, Sabino"]
[Black "Gemma, Dario"]
[Result "1-0"]
[WhiteElo "2556"]
[BlackElo "1853"]
[Annotator "TA"]
[PlyCount "57"]
[EventDate "2019.06.02"]
[EventType "swiss"]
[EventCountry "ITA"]
[SourceTitle "playchess.com"]
[Source "ChessBase"]
[SourceQuality "1"]

{[%evp 13,57,47,82,68,93,76,85,100,93,91,95,-2,14,13,129,116,140,147,177,176,165,170,266,264,270,268,260,276,300,275,446,417,435,446,439,416,422,411,537,536,522,517,460,453,456,425]} 1. e4 g6 2. c4 Bg7 3. d4 c5 4. d5 d6 5. h3 Nf6 6. Nc3 O-O 7. Nf3 Nbd7 8. Be2 {E90: King's Indian: Classical: Early deviations and 6 h3} (8. Bd3 a6 9. a4 b6 10. O-O e5 11. a5 bxa5 12. Qa4 Rb8 13. Qxa5 Qe7 14. Rb1 Nh5 15. Bg5 f6 16. Bd2 Nf4 {0-1 (43) Matlakov,M (2728)-Aronian,L (2799) Tbilisi 2017}) 8... b5 9. cxb5 a6 10. a4 {White is better.} axb5 11. Bxb5 Ba6 12. Qc2 (12. Bxa6 $16 Rxa6 13. O-O) 12... Bxb5 $146 ({Predecessor:} 12... Qa5 13. Bd2 Bxb5 14. Nxb5 Qxb5 15. axb5 Rxa1+ {0-1 (40) Voelz,S (1913)-Heinzel,O (2341) Bayerisch Eisenstein 2012}) 13. Nxb5 Qb6 (13... Qa5+ $1 $11 14. Nd2 Nb6) 14. O-O $16 Ne8 15. Bg5 f6 16. Be3 Qb7 17. Rfe1 Ne5 (17... f5 {might work better.} 18. Ng5 Nb6) 18. Nxe5 $18 fxe5 19. b4 cxb4 20. Reb1 Rc8 21. Qd2 Rc4 $2 {[#]} (21... Qa6 {keeps fighting.} 22. Rxb4 (22. Qxb4 Nf6 $18) 22... Ra8) 22. Rxb4 Rxb4 23. Qxb4 Nc7 24. Rc1 Na6 25. Qc4 Rd8 26. Qc6 {White is clearly winning.} Rd7 27. Qxb7 Rxb7 28. Rc6 Nb4 29. Rc7 {Accuracy: White = 78%, Black = 33%.} 1-0

[Event "11th Capo dOrso ACP Open 2019"]
[Site "Porto Mannu"]
[Date "2019.06.01"]
[Round "6.9"]
[White "Jactel, Nicolas"]
[Black "Brunello, Marina"]
[Result "0-1"]
[WhiteElo "1971"]
[BlackElo "2396"]
[Annotator "TA"]
[PlyCount "62"]
[EventDate "2019.06.02"]
[EventType "swiss"]
[EventCountry "ITA"]
[SourceTitle "playchess.com"]
[Source "ChessBase"]
[SourceQuality "1"]

{[%evp 10,62,8,16,33,24,30,17,25,25,12,-11,-21,-17,-21,-22,-19,-34,-27,-79,-69,-109,-100,-158,-97,-98,-96,-258,-253,-267,-259,-327,-315,-335,-330,-384,-368,-356,-368,-368,-348,-411,-412,-526,-374,-391,-377,-373,-389,-388,-364,-443,-460,-442,-441]} 1. e4 c5 2. Nf3 d6 3. Bb5+ Nd7 4. d4 cxd4 5. Qxd4 a6 6. Bxd7+ Qxd7 {B51: Sicilian: Moscow Variation (3 Bb5+) without 3...Bd7} 7. Nc3 e5 8. Qd3 Qc6 {The position is equal.} 9. O-O Be6 10. b3 $146 ({Predecessor:} 10. Rd1 h6 11. Nd5 Rc8 12. Be3 Nf6 13. Nxf6+ gxf6 14. Ne1 {0-1 (40) Lintchevski,D (2517)-Fedoseev,V (2673) Khanty-Mansiysk 2016}) 10... Nf6 11. Bb2 Be7 12. Rfd1 Rc8 13. Rac1 O-O 14. Rd2 (14. a4 $11 {keeps the balance.}) 14... b5 $17 15. Rcd1 Qb7 16. Qe2 (16. a3 $142) 16... Nh5 (16... b4 $142 17. Nd5 Nxd5 18. exd5 Bg4) 17. g3 Nf6 18. Nd5 $2 (18. Ne1 $17) 18... Nxd5 $19 19. exd5 Bg4 20. Kg2 f5 {[#] Threatens to win with ...e4.} 21. Qe1 e4 22. Ng1 Bxd1 23. Qxd1 Bg5 24. Re2 Rc5 25. Nh3 Rxd5 26. Qe1 Bh6 27. Bc1 Bxc1 28. Qxc1 Re5 29. Kg1 Rfe8 30. Qd2 {[#]} e3 $1 31. fxe3 (31. Rxe3 Rxe3) 31... Qf3 {Accuracy: White = 27%, Black = 79%.} 0-1

[Event "11th Capo dOrso ACP Open 2019"]
[Site "Porto Mannu"]
[Date "2019.06.01"]
[Round "7.2"]
[White "Abdumalik, Zhansaya"]
[Black "Moroni, Luca Jr"]
[Result "0-1"]
[WhiteElo "2464"]
[BlackElo "2561"]
[Annotator "TA"]
[PlyCount "54"]
[EventDate "2019.06.02"]
[EventType "swiss"]
[EventCountry "ITA"]
[SourceTitle "playchess.com"]
[Source "ChessBase"]
[SourceQuality "1"]

{[%evp 16,54,16,16,22,23,47,46,66,36,52,31,0,-19,-45,-5,-18,-40,-22,-143,-199,-193,-142,-496,-489,-545,-476,-531,-536,-497,-505,-762,-775,-753,-749,-899,-893,-775,-712,-1790,-1657]} 1. e4 e6 2. d4 d5 3. Nc3 Nf6 4. e5 Nfd7 5. f4 c5 6. Nf3 Nc6 7. Be3 Be7 8. Qd2 O-O 9. dxc5 Qa5 {C11: French: Classical System: 4 e5 and 4 Bg5 dxe4} (9... Nxc5 10. O-O-O a6 11. h4 b5 12. Bd3 b4 13. Bxc5 Bxc5 14. Na4 Ba7 15. Qe2 f5 16. g4 Ne7 17. Ng5 {0-1 (45) Caruana,F (2828)-Nyzhnyk,I (2638) chess.com INT 2019}) 10. O-O-O b6 11. Bb5 Nb4 {White is slightly better.} 12. a3 bxc5 {White should prevent ...Na2+.} 13. Bxd7 ({Worse is} 13. axb4 cxb4 14. Na4 Qxb5 $17) 13... Bxd7 14. axb4 cxb4 15. Nb1 Rfc8 16. Nd4 Qa1 {[#]} 17. Qf2 $146 {[#]} (17. f5 $11 exf5 18. Rhf1) ({Predecessor:} 17. Qd3) 17... a5 $1 $17 18. f5 exf5 19. Rd3 $2 {[%mdl 8192]} (19. Nxf5 $17 {was the crucial defense.} Bxf5 20. Qxf5) 19... a4 $19 {Black is clearly winning.} 20. Rhd1 {If White can now play Kd2 this consolidates a bit.} a3 21. bxa3 bxa3 22. Kd2 a2 23. Rb3 (23. Nc3 $142 Qxd1+ {[%mdl 64] Remove Defender, Clearance, Promotion} 24. Nxd1) 23... Rab8 {And now ...Rxb3 would win.} 24. Rxb8 Rxb8 25. Nc3 {[#]} Qxd1+ $1 {[%mdl 576] Remove Defender, Clearance, Promotion} 26. Nxd1 a1=Q {aiming for ...Rb1.} 27. Qf3 Rb1 {Accuracy: White = 17%, Black = 71%.} 0-1

[Event "11th Capo dOrso ACP Open 2019"]
[Site "Porto Mannu"]
[Date "2019.06.01"]
[Round "7.3"]
[White "Ruiz Castillo, Joshua Daniel"]
[Black "Valsecchi, Alessio"]
[Result "1-0"]
[WhiteElo "2472"]
[BlackElo "2504"]
[Annotator "RC"]
[PlyCount "85"]
[EventDate "2019.06.02"]
[EventType "swiss"]
[EventCountry "ITA"]
[SourceTitle "playchess.com"]
[Source "ChessBase"]
[SourceQuality "1"]
[TimeControl "40/5400+30:1800+30"]

1. e4 e5 2. Nf3 Nc6 3. Bb5 Nge7 4. O-O a6 5. Ba4 Ng6 6. c3 d5 7. exd5 Qxd5 8. d4 Bg4 9. dxe5 Qxd1 10. Rxd1 Be7 11. Nbd2 Ngxe5 12. Re1 Nd3 13. Bxc6+ bxc6 14. Re3 Nxc1 15. Rxc1 Be6 16. Nd4 O-O-O 17. N2f3 Bc5 18. Re5 Bd5 19. Nxc6 Bxc6 20. Rxc5 Bxf3 21. gxf3 Rhe8 22. Rc2 Re6 23. Rg5 Rd1+ 24. Kg2 Ree1 25. Kh3 g6 26. Ra5 Rg1 27. Rxa6 Rd3 28. Rf6 g5 29. Re2 g4+ 30. Kh4 gxf3 31. Re7 Rg2 32. Rfxf7 Rxf2 33. Rxc7+ Kb8 34. Rb7+ Ka8 35. h3 h6 36. Ra7+ Kb8 37. Rfb7+ Kc8 38. Rh7 Kb8 39. Raf7 Rd8 40. b4 Rg8 41. Rxh6 Rf1 42. Rhf6 Rfg1 43. Rf8+ 1-0

[Event "11th Capo dOrso ACP Open 2019"]
[Site "Porto Mannu"]
[Date "2019.06.01"]
[Round "7.4"]
[White "Movsziszian, Karen"]
[Black "Schneider, Stefan"]
[Result "1/2-1/2"]
[WhiteElo "2486"]
[BlackElo "2372"]
[Annotator "TA"]
[PlyCount "116"]
[EventDate "2019.06.02"]
[EventType "swiss"]
[EventCountry "ITA"]
[SourceTitle "playchess.com"]
[Source "ChessBase"]
[SourceQuality "1"]

{[%evp 14,116,-13,-33,-33,-38,-36,-54,-41,-26,-17,-43,-27,-39,-39,-33,-27,-55,-45,-44,-24,-36,-37,-37,-22,-34,-25,-17,-8,0,-3,-8,-10,-27,-22,-35,0,0,0,0,0,-8,-11,-45,-16,-33,-15,-38,0,-6,-6,-14,-7,-10,0,0,0,0,0,0,0,0,0,0,0,0,0,0,0,0,0,0,0,0,0,0,0,0,0,0,0,0,0,0,0,0,0,0,0,0,0,0,0,0,0,0,0,0,0,0,0,0,8,-8,0]} 1. e4 c6 2. d3 d5 3. Nd2 e5 4. Ngf3 Bd6 5. g3 Nf6 6. Bg2 O-O 7. O-O Re8 8. h3 a5 {B10: Caro-Kann: 2 d3 and 2 c4} 9. c3 (9. a4 Na6 10. Re1 Nb4 11. Nf1 dxe4 12. dxe4 Bc5 13. Be3 Qxd1 14. Raxd1 Bf8 15. c3 Nc2 16. Re2 Nxe3 17. Nxe3 {1-0 (54) Harika,D (2507)-Lagno,K (2543) Khanty-Mansiysk 2014}) 9... Nbd7 10. Qc2 Nc5 {Black is slightly better.} 11. Re1 a4 $146 ({Predecessor:} 11... dxe4 12. Nxe4 Nfxe4 13. dxe4 a4 14. Be3 f6 15. b4 axb3 16. axb3 Be6 {½-½ (27) Fekete,A (2223)-Ag,N (2333) Hungary 2016}) 12. Rb1 h6 13. b4 axb3 14. axb3 dxe4 15. dxe4 b5 16. b4 Na6 17. Nb3 Be6 18. Be3 Qc7 19. Nh4 Bf8 20. Nf5 Nb8 {[%cal Ba6b8,Bb8d7,Bd7b6,Bb6c4,Bc4d6,Bd6e4][%mdl 32]} 21. Nc5 Bc4 22. Bf1 Bxf1 23. Rxf1 Nbd7 24. Rfd1 Nb6 25. Qe2 Nc4 26. Rd3 Red8 27. Rbd1 {[#] aiming for Na6!} Rxd3 28. Rxd3 Rd8 29. Bc1 Rxd3 30. Nxd3 Nd6 31. Nxe5 {The position is equal.} Ndxe4 32. Ng4 Qd7 33. Qf3 Kh7 34. Nfxh6 gxh6 35. Nxf6+ Nxf6 36. Qxf6 Qd1+ {[%mdl 64] [#] Double Attack} 37. Kg2 Qxc1 38. Qxf7+ {[%mdl 64] Double Attack} Bg7 {And now ...Qb1 would win.} 39. Qf5+ Kg8 40. Qe6+ Kh7 41. Qxc6 Qc2 42. Qxb5 Qe4+ 43. Kh2 Bxc3 44. Qd7+ Kg6 45. b5 Bd4 46. Qd6+ Kg7 47. Qc6 (47. b6 {keeps more tension.} Bxf2 48. Qc7+ Kg6 49. b7 Ba7 50. Qd6+) 47... Qxc6 48. bxc6 $11 {[%mdl 4096] Endgame KB-KP} Bb6 49. f4 Kf6 50. Kg2 Ke6 51. Kf3 {Strongly threatening Kg4.} Kd6 52. Ke4 Kxc6 {KB-K3P} 53. Kf5 Bf2 54. g4 {Threatens to win with Ke6.} Be3 55. g5 hxg5 56. fxg5 Kd7 57. Kg6 {Black must now prevent h4.} Bxg5 58. h4 Be3 {Accuracy: White = 60%, Black = 65%.} 1/2-1/2